An evaluation of critical thinking skills : a case study /
Saved in:
| 主要作者: | |
|---|---|
| 格式: | Thesis 图书 |
| 语言: | English |
| 出版: |
2002.
|
| 主题: | |
| 在线阅读: | http://studentsrepo.um.edu.my/id/eprint/2557 |
| 标签: |
添加标签
没有标签, 成为第一个标记此记录!
|
| LEADER | 01172cam a2200277 a 4500 | ||
|---|---|---|---|
| 001 | u520556 | ||
| 003 | SIRSI | ||
| 008 | 990618s2002 my a t 00 10 eng m | ||
| 035 | |a ADA-4543 | ||
| 040 | |a UMM | ||
| 090 | |a PE1128 |b UM 2002 Abdsak | ||
| 093 | |a PE1128 |b UM 2002 Abdsak | ||
| 100 | 0 | 0 | |a Abdul Salim Abdul Karim. |
| 245 | 1 | 3 | |a An evaluation of critical thinking skills : |b a case study / |c Abdul Salim bin Abdul Karim. |
| 260 | |c 2002. | ||
| 300 | |a xiv, 150 leaves : |b ill. ; |c 30 cm. | ||
| 502 | |a Dissertation (M.E.S.L.) -- Fakulti Bahasa dan Linguistik, Universiti Malaya, 2003. | ||
| 504 | |a Bibliography: leaves 131-134. | ||
| 650 | 0 | |a Problem solving |x Study and teaching |z Malaysia |x Case studies | |
| 650 | 0 | |a Critical thinking |x Study and teaching |z Malaysia |x Case studies | |
| 710 | 2 | 0 | |a Universiti Malaya. |b Fakulti Bahasa dan Linguistik. |
| 856 | 4 | 1 | |u http://studentsrepo.um.edu.my/id/eprint/2557 |
| 948 | |a 02/03/2004 |b 11/07/2004 | ||
| 596 | |a 1 6 | ||
| 999 | |a PE1128 UM 2002 ABDSAK |w LC |c 1 |i A511140919 |d 23/11/2017 |e 23/11/2017 |l STACKS |m P01UTAMA |n 25 |r Y |s Y |t TESIS |u 30/3/2004 | ||
| 999 | |a PE1128 UM 2002 ABDSAK |w LC |c 1 |i A511249419 |l STACKS |m P06BAHASA |r Y |s Y |t TESIS |u 23/4/2004 | ||
